Produtividade de minicepas e enraizamento de miniestacas de clones de erva-mate (Ilex paraguariensis A. St.-Hil.) (Registro n. 298965)
[ somente texto ]
| 000 -LÍDER | |
|---|---|
| fixed length control field | 04163nab a2200337 i 4500 |
| 003 - CÓDIGO MARC DA AGÊNCIA CATALOGADORA | |
| Campo de controle | BR-BrBNA |
| 005 - DATA E HORA DA ÚLTIMA ATUALIZAÇÃO | |
| Campo de controle | 20240327162347.0 |
| 008 - CAMPO DE TAMANHO FIXO | |
| fixed length control field | 240327b2019 bl.qr|pooa||| 00| 0 por | |
| 040 ## - FONTE DA CATALOGAÇÃO | |
| Agência catalogadora | BR-BrBNA |
| Idioma da catalogação | por |
| 072 ## - CATEGORIA AGRIS | |
| Código AGRIS | K10 |
| Código do objeto | 2140 |
| 072 ## - CATEGORIA AGRIS | |
| Código AGRIS | F02 |
| 100 ## - ENTRADA PRINCIPAL - NOME PESSOAL | |
| Nome pessoal | Pimentel, Nathalia |
| 100 ## - ENTRADA PRINCIPAL - NOME PESSOAL | |
| Nome pessoal | Lencina, Kelen Haygert |
| 100 ## - ENTRADA PRINCIPAL - NOME PESSOAL | |
| Nome pessoal | Kielse, Paula |
| 100 ## - ENTRADA PRINCIPAL - NOME PESSOAL | |
| Nome pessoal | Rodrigues, Mhaiandry Benedetti |
| 100 ## - ENTRADA PRINCIPAL - NOME PESSOAL | |
| Nome pessoal | Somavilla, Tamires Manfio |
| 100 ## - ENTRADA PRINCIPAL - NOME PESSOAL | |
| Nome pessoal | Bisognin, Dilson Antônio |
| 245 ## - TÍTULO PRINCIPAL | |
| Título principal | Produtividade de minicepas e enraizamento de miniestacas de clones de erva-mate (Ilex paraguariensis A. St.-Hil.) |
| 500 ## - NOTA GERAL | |
| Nota geral | Publicação on-line; 38 ref.; 3 tables; 2 illus.; Summaries (En, Pt) |
| 942 ## - ADDED ENTRY ELEMENTS (KOHA) | |
| Koha item type | |
| 520 ## - NOTA DE RESUMO | |
| Nota de conteúdo | <br/>Resumo<br/><br/>O objetivo deste trabalho foi avaliar o efeito de épocas do ano e de clones na produtividade das minicepas<br/>e no enraizamento de miniestacas de erva-mate (Ilex paraguariensis A. St.-Hil.) tratadas ou não com<br/>ácido indolbutírico (AIB). Com esta finalidade, nas quatro épocas do ano realizou-se a coleta de brotos<br/>das minicepas de quatro clones de erva-mate, sendo que em cada coleta foi avaliada a porcentagem de<br/>sobrevivência das minicepas e o número de miniestacas obtidas por minicepa. Posteriormente, os brotos<br/>foram seccionados em miniestacas de gema única, as quais foram ou não tratadas com 2000 mg L-1 de AIB.<br/>Aos 30 e 60 dias foram avaliadas as porcentagens de sobrevivência, enraizamento e calogênese, número e<br/>comprimento das raízes. As minicepas dos quatro clones de erva-mate apresentaram alta sobrevivência,<br/>além de produção constante de miniestacas dos clones 06SM17, 06SM12 e 06SM15 durante as quatro épocas<br/>do ano. O tratamento com AIB não incrementa o enraizamento das miniestacas de erva-mate. O processo<br/>rizogênico das miniestacas varia conforme o genótipo e a sazonalidade. O clone 06SM15 apresenta a<br/>maior capacidade rizogênica nas quatro épocas do ano. As melhores porcentagens de enraizamento são<br/>verificadas nas épocas do outono e/ou inverno para os quatro genótipos avaliados.<br/><br/>Palavras-chave: Ilex paraguariensis; Minijardim clonal; Épocas do ano; Ácido indolbutírico |
| 520 ## - NOTA DE RESUMO | |
| Nota de conteúdo | <br/>Abstract<br/><br/>The objective of this work was to evaluate the effect of season and clone in the productivity of the ministumps <br/>and the rooting of mini-cuttings of erva mate (Ilex paraguariensis A. St.-Hil.) treated or not with<br/>indolbutyric acid (IBA). Mini-cuttings were collected from mini-stumps of four clones during the four<br/>seasons of the year. In each collection, it was evaluated the percentage of mini-stumps survival and the<br/>number of mini-cuttings obtained per mini-stump. Single-budded mini-cuttings were treated or not with<br/>2000 mg L-1 IBA before planting. At 30 and 60 days, the percentages of survival, rooting and callus formation<br/>in mini-cuttings, the number and length of roots were evaluated. The mini-stumps of the four erva mate<br/>clones showed high survival. The clones 06SM17, 06SM12 and 06SM15 had a uniform production of minicuttings <br/>per mini-stump during the four collection times. IBA treatment is not necessary for mini-cutting<br/>rooting of these clones. The mini-cutting rooting varied with the evaluated clone and collection time. The<br/>clone 06SM15 had the highest rhizogenesis capability in the four collection times. The highest rooting<br/>percentage was obtained during fall and winter seasons for the four clones.<br/><br/>Keywords: Ilex paraguariensis; Mini - clonal hedge; Collection time; Indolbutyric acid |
| 650 ## - ASSUNTO - THESAGRO | |
| Cabeçalho tópico ou nome geográfico | ILEX PARAGUARIENSIS |
| 650 ## - ASSUNTO - THESAGRO | |
| Cabeçalho tópico ou nome geográfico | JARDIM |
| 650 ## - ASSUNTO - THESAGRO | |
| Cabeçalho tópico ou nome geográfico | ÁCIDO INDOLBUTÍRICO |
| 650 ## - ASSUNTO - THESAGRO | |
| Cabeçalho tópico ou nome geográfico | MATE |
| 650 ## - ASSUNTO - THESAGRO | |
| Cabeçalho tópico ou nome geográfico | ENRAIZAMENTO DE ESTACA |
| 773 0# - ENTRADA ANALÍTICA | |
| Host Biblionumber | 4065 |
| Registro do item | 313933 |
| Imprenta | Santa Maria-RS Universidade Federal de Santa Maria - Centro de Pesquisas Florestais.Departamento de Ciências Florestais. Programa de Pós-Graduação em Engenharia Florestal 1991 |
| Outro identificador | 2024-0204 |
| Título | Ciência Florestal (Brazil) |
| ISSN | 0103-9954; 1980-5098 (on-line) |
| Colação | v. 29(2) p. 559-570; (Apr-Jun 2019) |
| Número de controle de registro | BR2023001623 |
| 856 ## - ACESSO E ENDEREÇO ELETRÔNICO | |
| Identificador uniforme de recurso - URI | https://www.scielo.br/j/cflo/a/TgX5H48HKmLMtn86Rb4PsFs/?format=pdf&lang=pt |
Nenhum exemplar disponível.

BINAGRI